00279nam a2200121Ia 45000030006000000080041000060400015000471000011000622450021000732600034000945460012001280050017001400STCL150530s9999 xx 000 0 und d aSTCLcSTCL aButler aWay of all flesh bOxford University pressc1903 aEnglish20220125171021.0